European countries in Welsh - Statistics

General Stats
  • This quiz has been taken 26 times
  • The average score is 39 of 45
Answer Stats
Hint Answer % Correct
Albania Albania
100%
Montenegro Montenegro
100%
Rwsia Russia
100%
San Marino San Marino
100%
Slofenia Slovenia
100%
Andorra Andorra
96%
Awstria Austria
96%
Belarws Belarus
96%
Gwlad Belg Belgium
96%
Bosnia a Hertsegofina Bosnia and Herzegovina
96%
Bwlgaria Bulgaria
96%
Croatia Croatia
96%
Denmarc Denmark
96%
Estonia Estonia
96%
Ffrainc France
96%
Hwngari Hungary
96%
Liechtenstein Liechtenstein
96%
Malta Malta
96%
Monaco Monaco
96%
Gogledd Macedonia North Macedonia
96%
Norwy Norway
96%
Portiwgal Portugal
96%
Rwmania Romania
96%
Serbia Serbia
96%
Sweden Sweden
96%
Cosofo Kosovo
92%
Lithwania Lithuania
92%
Lwcsembwrg Luxembourg
92%
Moldofa Moldova
92%
Slofacia Slovakia
92%
Dinas y Fatican Vatican City
92%
y Ffindir Finland
88%
Latfia Latvia
88%
Y Swistir Switzerland
88%
Sbaen Spain
79%
Wcráin Ukraine
79%
Y Deyrnas Unedig United Kingdom
79%
Yr Almaen Germany
71%
Gwlad Pwyl Poland
67%
Groeg Greece
63%
Iwerddon Ireland
63%
Tsiecia Czech Republic
58%
Yr Eidal Italy
50%
Gwlad yr Iâ Iceland
46%
Yr Iseldiroedd Netherlands
46%
No matching quizzes found
Score Distribution
Percent of People with Each Score
Percentile by Number Answered
Your Score History
You have not taken this quiz